000 00863nam a2200229 a 4500
999 _c12318
_d12318
001 12318
003 BD-JhCC
005 20211023101304.0
008 211023s2019 bg |||| |||| 000 0 ben d
020 _a9847025403901
035 _a(BD-JhCC)12318
040 _aBD-JhCC
_dBD-JhCC
041 _aben
082 _a954.92
_bSAL 2019
100 _aছালাম, আবদুস
245 _aবাংলাদেশের ইতিহাস :
_bপ্রাচীন যুগ-মধ্য যুগ-আধুনিক যুগ /
_cআবদুস ছালাম
260 _aঢাকা :
_bরয়েল পাবলিশার্স,
_c২০১৬ ।
300 _a৭৬৭ পৃ. :
_c২১ সেমি.
504 _aগ্রন্থপঞ্জি অর্ন্তভূক্ত।
650 _aHistory
_zBangladesh
942 _2ddc
_cBK